| 000 | 02114aam a2200349 i 4500 | ||
|---|---|---|---|
| 001 | 768714001 | ||
| 003 | CO-MdFUSB | ||
| 005 | 20240209112319.0 | ||
| 007 | ta | ||
| 008 | 231010t19831983flu||||g |||| 00| 0 spa d | ||
| 020 | _a082971085X | ||
| 040 |
_aCO-MdFUSB _bspa _cCO-MdFUSB _dCO-MdFUSBC _erda |
||
| 041 |
_aspa _heng |
||
| 082 |
_223 _a248.32 _bB765 |
||
| 100 |
_aBounds, Edward M. _eautor |
||
| 240 | _aThe best of E. M Bounds | ||
| 245 |
_aOrad sin cesar _b : antología de sus escritos acerca de la oración _c/ E. M. Bounds ; traducido por David R. Powell |
||
| 250 | _aedición en idioma castellano | ||
| 264 | 1 |
_aMiami, Florida : _bVida, _c[1983] |
|
| 264 | 4 | _c©1983 | |
| 300 |
_a224 páginas _c; 18 cm |
||
| 336 |
_2rdacontent _atexto _btxt |
||
| 337 |
_2rdamedia _asin mediación _bn |
||
| 338 |
_2rdacarrier _avolumen _bnc |
||
| 504 | _aIncluye índice | ||
| 505 |
_tExtractos de la necesidad de la oración. _aLa oración y la palabra de Dios -- La oración y la Fe. _tExtractos de los elementos esenciales de la oración. _aLa oración y la humildad -- La oración y la devoción -- La oración, la alabanza y la acción de gracias. _tExtractos de El propósito de la oración. _aEl propósito de la oracion. _tExtractos de poder por medio de la oración. _aDebemos dedicar mucho tiempo a la oración -- La oración señala el liderazgo espiritual -- Los predicadores necesitan las oraciones de los demás. _tExtractos de la oración y los hombres de oración. _aSantos de oración del Antiguo Testamento -- Moisés, el poderoso intercesor -- Pablo, el maestro de la oración. _tExtractos de la realidad de la oración. _aLa oración: un privilegio magnifico y sagrado -- Jesucristo, el divino Maestro de la oración -- La oración modelo del Señor. _tLa necesidad de hombres de oración -- El ministerio y la oración. _aEl ministerio de la oración -- La oración y su gran alcance -- La respuesta a la oración -- La oración y la providencia divina. |
||
| 563 | _aRústico | ||
| 650 | 7 |
_986 _aOración |
|
| 700 | 1 |
_91384 _aPowell, David R. _etraductor |
|
| 942 | _cBK | ||
| 945 | _asor1564 | ||
| 999 |
_c69145 _d69145 |
||